Distribučné reťazce budúcnosti

Enregistré dans:
Détails bibliographiques
Auteur principal: Hrtúsová, Džamila, 1969-
Format: Chapitre de livre
Langue:slovaque
Tags: Ajouter un tag
Pas de tags, Soyez le premier à ajouter un tag!

MARC

LEADER 00000nla$a2200000$$$4500
001 0136515
005 20240502072529.2
041 0 |a slo 
044 |a SK 
245 1 0 |a Distribučné reťazce budúcnosti  |c Džamila Hrtúsová 
100 1 |a Hrtúsová, Džamila, 1969-